000 00930nam a22003017a 4500
003 OSt
005 20220602072834.0
008 160310b xxu||||| |||| 00| 0 eng d
010 _a 75326330
015 _aGB74-15714
020 _a0435901478 :
_c£0.75
040 _aMMU
_cMMU
_dMMU
_beng
041 0 _aengach
043 _af-ug---
050 0 0 _aPL8041.8
_b.P2
082 0 0 _a896/.5
100 1 _ap'Bitek, Okot,
_d1931-
245 1 4 _aThe horn of my love /
_c[compiled and translated by] Okot p'Bitek.
260 _aLondon :
_bHeinemann,
_c1974.
300 _ax, 182 p. :
_c19 cm.
490 0 _aAfrican writers series ; 147
500 _aAcoli and English.
504 _aIncludes bibliographical references and index.
650 0 _aFolk songs, Acholi
_zUganda
_vTexts.
650 0 _aFolk songs, Acholi
_zUganda
_xHistory and criticism.
906 _a7
_bcbc
_corignew
_d4
_encip
_f19
_gy-gencatlg
942 _2lcc
_cLOAN LOAN
999 _c16656
_d16656